| 000 | 01191pam a2200313 a 4500 | ||
|---|---|---|---|
| 001 | 1022301 | ||
| 003 | ARRUPE | ||
| 005 | 20131024170207.0 | ||
| 008 | 881107s1989 nyu b 001 0 eng | ||
| 010 | _a 88038165 | ||
| 020 | _a0883445891 | ||
| 040 |
_aDLC _cDLC _dDLC |
||
| 043 |
_anc----- _an-us--- |
||
| 050 | 0 | 0 |
_aF1436.8.U6 _bN45 1989 |
| 100 | 2 |
_aNelson-Pallmeyer, Jack. _92993 |
|
| 245 | 1 | 0 |
_aWar against the poor : _blow-intensity conflict and Christian faith / _cJack Nelson-Pallmeyer. |
| 260 |
_aMaryknoll, N.Y. : _bOrbis Books, _cc1989. |
||
| 300 |
_axii, 98 p. ; _c24 cm. |
||
| 500 | _aIncludes index. | ||
| 504 | _aBibliography: p. 89-94. | ||
| 650 | 0 |
_aLow-intensity conflicts (Military science) _zCentral America _xHistory _y20th century. _92994 |
|
| 650 | 0 |
_aChurch work with the poor _zCentral America _xHistory _y20th century. _92995 |
|
| 651 | 0 |
_aCentral America _xRelations _zUnited States. _92996 |
|
| 651 | 0 |
_aUnited States _xRelations _zCentral America. _92997 |
|
| 651 | 0 |
_aCentral America _xPolitics and government _y1979- _92998 |
|
| 651 | 0 |
_aUnited States _xMilitary policy. _92999 |
|
| 906 |
_a7 _bcbc _corignew _d1 _eocip _f19 _gy-gencatlg |
||
| 942 |
_2lcc _cMONOGRAPH |
||
| 999 |
_c118460 _d118460 |
||